书目信息 |
| 题名: |
白蚁及其综合治理
|
|
| 作者: | 黄复生 编著 | |
| 分册: | ||
| 出版信息: | 北京 金盾出版社 2010 |
|
| 页数: | 150页 | |
| 开本: | 21cm | |
| 丛书名: | ||
| 单 册: | ||
| 中图分类: | Q969.29 , TU746.2 , Q96 | |
| 科图分类: | ||
| 主题词: | 白蚁科--防治 , 预防白蚂蚁--基本知识 , 白蚁科 , 预防白蚂蚁 , 昆虫学 | |
| 电子资源: | ||
| ISBN: | 978-7-5082-6196-6 | |
| 000 | 00961nam0 2200301 450 | |
| 001 | 2371501728 | |
| 005 | 20231215195238.10 | |
| 010 | @a978-7-5082-6196-6@dCNY 10.00 | |
| 100 | @a20100618d2010 em y0chiy0110 ea | |
| 101 | 0 | @achi |
| 102 | @aCN@b110000 | |
| 105 | @aa z 000yy | |
| 200 | 1 | @a白蚁及其综合治理@Abai yi ji qi zong he zhi li@f黄复生[等]编著 |
| 210 | @a北京@c金盾出版社@d2010 | |
| 215 | @a150页@c照片(12页)@d21cm | |
| 304 | @a编著还有:肖维良,黄静玲,李小鹰 | |
| 330 | @a全书共7章,内容包括:白蚁的形态结构、白蚁的生物学特性、白蚁与生态因子的关系、白蚁的共生物、食客和天敌、白蚁的地理分布、白蚁综合治理的新技术等。 | |
| 606 | 0 | @a白蚁科@x防治 |
| 606 | 0 | @a预防白蚂蚁@x基本知识 |
| 606 | 0 | @a白蚁科 |
| 606 | 0 | @a预防白蚂蚁 |
| 606 | 0 | @a昆虫学 |
| 690 | @aQ969.29@v5 | |
| 690 | @aTU746.2@v5 | |
| 690 | @aQ96@v4 | |
| 701 | 0 | @a黄复生@Ahuang fu sheng@f(1932.5~)@4编著 |
| 801 | 2 | @aCN@b辽宁北配@c20231205 |
| 905 | @aBZT@dQ96@e18 | |
| 白蚁及其综合治理/黄复生[等]编著.-北京:金盾出版社,2010 |
| 150页:照片(12页);21cm |
| ISBN 978-7-5082-6196-6:CNY 10.00 |
| 全书共7章,内容包括:白蚁的形态结构、白蚁的生物学特性、白蚁与生态因子的关系、白蚁的共生物、食客和天敌、白蚁的地理分布、白蚁综合治理的新技术等。 |
| ● |
| 相关链接 |
|
|
|
正题名:白蚁及其综合治理
索取号:Q96/18
 
预约/预借
| 序号 | 登录号 | 条形码 | 馆藏地/架位号 | 状态 | 备注 |
| 1 | 2001633398 | 2001633398 | 辽三/辽宁北配(第三批)/2798/ [索取号:Q96/18] | 在馆 | |
| 2 | 2001633399 | 2001633399 | 辽三/辽宁北配(第三批)/2798/ [索取号:Q96/18] | 在馆 | |
| 3 | 2001633400 | 2001633400 | 辽三/辽宁北配(第三批)/2798/ [索取号:Q96/18] | 在馆 | |
| 4 | 2001633401 | 2001633401 | 辽三/辽宁北配(第三批)/2798/ [索取号:Q96/18] | 在馆 | |
| 5 | 2001633402 | 2001633402 | 辽三/辽宁北配(第三批)/2798/ [索取号:Q96/18] | 在馆 | |
| 6 | 2001633403 | 2001633403 | 辽三/辽宁北配(第三批)/2798/ [索取号:Q96/18] | 在馆 | |
| 7 | 2001633404 | 2001633404 | 辽三/辽宁北配(第三批)/2798/ [索取号:Q96/18] | 在馆 | |
| 8 | 2001633405 | 2001633405 | 辽三/辽宁北配(第三批)/2798/ [索取号:Q96/18] | 在馆 | |
| 9 | 2001633406 | 2001633406 | 辽三/辽宁北配(第三批)/2798/ [索取号:Q96/18] | 在馆 | |
| 10 | 2001633407 | 2001633407 | 辽三/辽宁北配(第三批)/2798/ [索取号:Q96/18] | 在馆 | |
| 11 | 2001633408 | 2001633408 | 辽三/辽宁北配(第三批)/2798/ [索取号:Q96/18] | 在馆 | |
| 12 | 2001633409 | 2001633409 | 辽三/辽宁北配(第三批)/2798/ [索取号:Q96/18] | 在馆 | |
| 13 | 2001633410 | 2001633410 | 辽三/辽宁北配(第三批)/2798/ [索取号:Q96/18] | 在馆 | |
| 14 | 2001633411 | 2001633411 | 辽三/辽宁北配(第三批)/2798/ [索取号:Q96/18] | 在馆 | |
| 15 | 2001633412 | 2001633412 | 辽三/辽宁北配(第三批)/2798/ [索取号:Q96/18] | 在馆 | |
| 16 | 2001633413 | 2001633413 | 辽三/辽宁北配(第三批)/2798/ [索取号:Q96/18] | 在馆 | |
| 17 | 2001633414 | 2001633414 | 辽三/辽宁北配(第三批)/2798/ [索取号:Q96/18] | 在馆 | |
| 18 | 2001633415 | 2001633415 | 辽三/辽宁北配(第三批)/2798/ [索取号:Q96/18] | 在馆 | |
| 19 | 2001633416 | 2001633416 | 辽三/辽宁北配(第三批)/2798/ [索取号:Q96/18] | 在馆 | |
| 20 | 2001633417 | 2001633417 | 辽三/辽宁北配(第三批)/2798/ [索取号:Q96/18] | 在馆 | |
| 21 | 2001633418 | 2001633418 | 辽三/辽宁北配(第三批)/2798/ [索取号:Q96/18] | 在馆 | |
| 22 | 2001633419 | 2001633419 | 辽三/辽宁北配(第三批)/2798/ [索取号:Q96/18] | 在馆 | |
| 23 | 2001633420 | 2001633420 | 辽三/辽宁北配(第三批)/2798/ [索取号:Q96/18] | 在馆 | |
| 24 | 2001633421 | 2001633421 | 辽三/辽宁北配(第三批)/2798/ [索取号:Q96/18] | 在馆 | |
| 25 | 2001633422 | 2001633422 | 辽三/辽宁北配(第三批)/2798/ [索取号:Q96/18] | 在馆 | |
| 26 | 2001633423 | 2001633423 | 辽三/辽宁北配(第三批)/2798/ [索取号:Q96/18] | 在馆 | |
| 27 | 2001633424 | 2001633424 | 辽三/辽宁北配(第三批)/2798/ [索取号:Q96/18] | 在馆 | |
| 28 | 2001633425 | 2001633425 | 辽三/辽宁北配(第三批)/2798/ [索取号:Q96/18] | 在馆 | |
| 29 | 2001633426 | 2001633426 | 辽三/辽宁北配(第三批)/2798/ [索取号:Q96/18] | 在馆 |